Datum a čas kvízu
27.5
Celkem bodů
Celkový počet nahraných bodů na tomto kvízu bez doplňovacích otázek.
10.
Pořadí na kvízu
Konečné umístění týmu na tomto kvízu.
Zaznamenané odpovědi
| # | Otázka | Odpověď | Body | Výsledky |
|---|---|---|---|---|
| 1. | Která česká televizní stanice... | TV Barrandov | 0 | |
| 2. | Bizarní tragédie se odehrála v... | v Rakousku | 0 | |
| 3. | Ve čtvrtek mělo v českých kine... | Aristokratka ve varu, Evžen Boček | 0.5 | |
| 4. | Jistá kurýrní společnost působ... | DPD | 0 | |
| 5. | Nebývá zvykem, aby byl odvolán... | Václav Varaďa, Petr Dědek | 1 | |
| 6. | Podíváme se do historie na výp... | křížová výprava | 1 | |
| 7. | Zajímavé byly osudy Přemyslovn... | Dagmar, Dánsko | 0 | |
| 8. | Jednou z možností, jak se dost... | Jiří z Poděbrad | 1 | |
| 9. | Územní velikost Rakouska-Uhers... | Kotor | 0 | |
| 10. | Období husitství představovalo... | D | 1 |